Los Efectos de la introducción del quórum deliberativo en las sesiones de la Asamblea Nacional /
Tallennettuna:
| Päätekijä: | |
|---|---|
| Aineistotyyppi: | Teksti |
| Aiheet: | |
| Tagit: |
Lisää tagi
Ei tageja, Lisää ensimmäinen tagi!
|
MARC
| LEADER | 00000 a a2200000 04500 | ||
|---|---|---|---|
| 001 | 9418 | ||
| 003 | |||
| 040 | |||
| 100 | |a González Gómez, Agapito | ||
| 245 | |a Los Efectos de la introducción del quórum deliberativo en las sesiones de la Asamblea Nacional / |c Agapito González Gómez | ||
| 650 | |a VOTACION | ||
| 650 | |a PODER LEGISLATIVO | ||
| 650 | |a POLITICA | ||
| 650 | |a PANAMA | ||
| 773 | |g número 468 -469; páginas 136-1147 | ||
| 999 | |c 26954 |d 26954 | ||
